000 01616nam a2200325 a 4500
999 _c28740
_d28711
001 2391381
003 EG-ScBUE
005 20200919101441.0
008 850820t1984 au a f b 000 0 eng d
020 _a0709933274 (pbk.)
040 _aDLC
_beng
_erda
_cDLC
_dDLC
_dEG-ScBUE
043 _ae------
082 0 4 _a338.642094
_bSMA
_222
245 0 0 _aSmall business :
_btheory and policy /
_cedited by Cyril Levicki.
264 1 _aSydney, Australia :
_bCroom Helm,
_c[1984]
264 4 _cc1984
300 _aviii, 152 pages :
_billustrations ;
_c22 cm.
336 _2rdacontent
_atext
_btxt
337 _2rdamedia
_aunmediated
_bn
338 _2rdacarrier
_avolume
_bnc
490 0 _aThe action society
504 _aIncludes bibliographical references.
505 0 _aConcentration, competition, and the small firm / M.A. Utton -- An analysis of concentration / J.M. Samuels and P.A. Morrish -- Economics and small enterprises / Brian Hindley -- A new model of the process of business concentration / Robin Morris -- Company finance in Europe / J.M. Samuels -- Small firms and the German economic miracle / Willibrord Sauer -- The small firm in the French economy / Pierre-Yves Barreyre -- Small business in Italy / Julia Bamford -- Public policy and small firms in Britain / M.E. Beesley and P.E.B. Wilson -- Small business research in Britain / John Stanworth and James Curran.
650 7 _aSmall business
_zEurope.
_2BUEsh
653 _bBUSADM
_cSeptember2020
655 _vReading book
_934232
700 1 _aLevicki, Cyril,
_eeditor.
906 _a7
_bcbc
_corignew
_d3
_encip
_f19
_gy-gencatlg
942 _2ddc
_cBB